000
00297 a2200145 4500
001
169249
020
_a
040
_c
Magnum
100
_a
Dubois, Jean
240
1
0
_a
Dicionario de linguistica
_l
por
245
1
0
_a
Dicionario de linguistica
362
0
_a
1899
697
_a
GERAL
942
_c
BK
999
_c
169249
_d
169249